000 00310nam a22001337a 4500
008 170926b xxu||||| |||| 00| 0 eng d
020 _a9780618783489
041 _aeng
080 _24TH
_a37
100 _a46
101 _aEDU
245 _aCRITICAL THINKING, THOUGHTFUL WRITING
_cCHAFFEE,J
942 _2udc
_cBK
999 _c30003
_d30003